000 00769nam a2200253Ia 4500
003 OSt
005 20220918170845.0
006 a|||||r|||| 00| 0
007 ta
008 220917b |||||||| |||| 00| 0 eng d
020 _a9780745655178 (pbk)
_c1448.82
024 _a285,607
037 _bCBS/391, 27/03/2015, Classic Book Service
_cTextual
040 _aARTS
_cARTS
_beng
041 _2eng
_aeng
082 _aYv, Q4
100 _aJasper James M
_931737
245 0 _aProtest
_b Cultural introduction to social movements
260 _aCambridge
_bPolity Press UK
_c2014
300 _axiii,200p.
_ccm.
650 _aSOCIOLOGY
942 _hYv, Q4
_cTEXL
_2CC
999 _c136269
_d136269